| LEADER | 01142nam a2200289 u 4500 | ||
|---|---|---|---|
| 001 | 10031810 | ||
| 003 | upatras | ||
| 005 | 20210117210124.0 | ||
| 008 | 000121s1993 gr gre | ||
| 020 | |a 9600104301 | ||
| 040 | |a GR-PaULI |c GR-PaULI | ||
| 041 | 0 | |a gre | |
| 082 | 0 | 4 | |a 371.1 |
| 100 | 1 | |a Δημητράκος, Γιώργος Σ. |9 154904 | |
| 245 | 1 | 0 | |a Η φιλοσοφία στη μέση εκπαίδευση |c Γιώργος Σ. Δημητράκος |
| 260 | |a Αθήνα |b Gutenberg |c 1993 | ||
| 300 | |a 373 σ. |c 21 εκ. | ||
| 490 | 0 | |a Φιλοσοφία | |
| 650 | 4 | |a Εκπαίδευση |x Διδασκαλία |9 330 | |
| 650 | 4 | |a Φιλοσοφία |x Διδασκαλία |9 55308 | |
| 650 | 4 | |9 39706 |a Εκπαίδευση, Μέση | |
| 760 | 0 | |a Φιλοσοφία | |
| 852 | |a GR-PaULI |b ΠΑΤΡΑ |b ΒΚΠ |b ΒΣ1 |k ΑΣΧΕ |h 371.1 Δ |m 055325 |p 025000073507 |t 1 | ||
| 942 | |2 ddc |c BK15 | ||
| 952 | |0 0 |1 0 |4 0 |6 371_100000000000000_Δ |7 0 |9 202587 |a LISP |b LISP |c BSC |d 2016-04-24 |i 055325 |l 1 |o 371.1 Δ |p 025000073507 |r 2024-10-15 17:01:37 |s 2024-10-15 |t 1 |w 2016-04-24 |y BK15 | ||
| 998 | |c ΔΡΑΚΟΠΟΥΛΟΥ |d 2000-01 | ||
| 999 | |c 123658 |d 123658 | ||